| Tag |
First Indicator |
Second Indicator |
Subfields |
| LEADER |
00000cam a2200000Ia 4500 |
| 001 |
in00002783021 |
| 005 |
20151202172022.0 |
| 006 |
m o d f |
| 007 |
cr bn||||||||| |
| 008 |
121119s1987 txua obt f000 0 eng d |
| 035 |
|
|
|a (OCoLC)ocn818635841
|
| 040 |
|
|
|a GPO
|c GPO
|d GPO
|d MvI
|d UtOrBLW
|
| 049 |
|
|
|a WWW
|
| 074 |
|
|
|a 0830-H-14 (online)
|
| 086 |
0 |
|
|a NAS 1.26:182893
|
| 100 |
1 |
|
|a Richardson, Jerry K.
|
| 245 |
1 |
0 |
|a MIPS :
|b the good, the bad and the useful /
|c Jerry K. Richardson.
|
| 264 |
|
1 |
|a Houston, Tex. :
|b The MITRE Corporation ;
|a [Washington, D.C.] :
|b [National Aeronautics and Space Administration],
|c [1987]
|
| 300 |
|
|
|a 1 online resource (viii, 38 pages) :
|b illustrations
|
| 336 |
|
|
|a text
|b txt
|2 rdacontent
|
| 337 |
|
|
|a computer
|b c
|2 rdamedia
|
| 338 |
|
|
|a online resource
|b cr
|2 rdacarrier
|
| 490 |
1 |
|
|a NASA contractor report ;
|v NASA-CR-182893
|
| 490 |
1 |
|
|a JSC (Series) ;
|v 22603
|
| 500 |
|
|
|a Title from title screen (viewed on Nov. 19, 2012).
|
| 500 |
|
|
|a "June 1987."
|
| 504 |
|
|
|a Includes bibliographical references (pages 35-36).
|
| 536 |
|
|
|d T-8114M
|d D115
|
| 536 |
|
|
|a Sponsored by NASA, contract no.
|b F19628-86-C-0001
|f 852E
|
| 500 |
|
|
|a "MTR-10028."
|
| 500 |
|
|
|a Electronic resource.
|
| 650 |
|
7 |
|a Computer programs.
|2 nasat
|
| 650 |
|
7 |
|a Computer systems design.
|2 nasat
|
| 650 |
|
7 |
|a Floating point arithmetic.
|2 nasat
|
| 710 |
2 |
|
|a Mitre Corporation.
|
| 710 |
1 |
|
|a United States.
|b National Aeronautics and Space Administration.
|
| 776 |
0 |
8 |
|i Print version:
|a Richardson, Jerry K.
|t MIPS.
|w (OCoLC)818634428
|
| 776 |
0 |
8 |
|i Microfiche:
|a Richardson, Jerry K.
|t MIPS.
|w (OCoLC)818634427
|
| 830 |
|
0 |
|a NASA contractor report ;
|v NASA CR-182893.
|
| 830 |
|
0 |
|a JSC (Series) ;
|v 22603.
|
| 856 |
4 |
0 |
|u http://purl.fdlp.gov/GPO/gpo31225
|t 0
|
| 856 |
4 |
1 |
|u http://purl.fdlp.gov/GPO/gpo31225
|t 0
|
| 999 |
|
|
|a MARS
|
| 999 |
f |
f |
|s 77e1f15a-4ca0-3c3a-8e84-106d36d1f3cb
|i 5a9007f8-14be-3750-8cb5-3c62be7af3e6
|t 0
|
| 952 |
f |
f |
|a Texas A&M University
|b College Station
|c Electronic Resources
|d Available Online
|t 0
|e NAS 1.26:182893
|h Superintendent of Documents classification
|
| 998 |
f |
f |
|a NAS 1.26:182893
|t 0
|l Available Online
|